000 00467nam a22001697a 4500
005 20250322145725.0
008 250322b |||||||| |||| 00| 0 eng d
020 _a9780333685273
050 _aHD69
_b.B7 WIL
100 _aWileman, Andrew
245 _aRetail power plays;
_bfrom trading to brand leadership
260 _aHoundmills
_bMacmillan Press Ltd
_cc1997
300 _axvi, 280p
500 _aincludes index
700 _aJarry, Michael
942 _2lcc
_cBK
_n0
999 _c5097
_d5097